Purification of laboratory chemicals / (Record no. 4853)

MARC details
000 -LEADER
fixed length control field 00935cam a22002654a 4500
001 - CONTROL NUMBER
control field 15937160
003 - CONTROL NUMBER IDENTIFIER
control field OSt
005 - DATE AND TIME OF LATEST TRANSACTION
control field 20160722184727.0
008 - FIXED-LENGTH DATA ELEMENTS--GENERAL INFORMATION
fixed length control field 091008s2009 ne b 001 0 eng
010 ## - LIBRARY OF CONGRESS CONTROL NUMBER
LC control number 2009289763
020 ## - INTERNATIONAL STANDARD BOOK NUMBER
International Standard Book Number 9781856175678
040 ## - CATALOGING SOURCE
Original cataloging agency DLC
Transcribing agency DLC
082 ## - DEWEY DECIMAL CLASSIFICATION NUMBER
Classification number QY 4
Item number 454p 2009
100 1# - MAIN ENTRY--PERSONAL NAME
Personal name Armarego, W. L. F.
9 (RLIN) 2303
245 10 - TITLE STATEMENT
Title Purification of laboratory chemicals /
Statement of responsibility, etc. Wilfred L.F. Armarego, Christina Li Lin Chai.
250 ## - EDITION STATEMENT
Edition statement 6th ed.
260 ## - PUBLICATION, DISTRIBUTION, ETC. (IMPRINT)
Place of publication, distribution, etc. Amsterdam ;
-- Boston :
Name of publisher, distributor, etc. Elsevier/Butterworth-Heinemann,
Date of publication, distribution, etc. 2009.
300 ## - PHYSICAL DESCRIPTION
Extent xvi, 743 p. ;
Dimensions 30 cm.
504 ## - BIBLIOGRAPHY, ETC. NOTE
Bibliography, etc Includes bibliographical references and index.
650 #0 - SUBJECT ADDED ENTRY--TOPICAL TERM
Topical term or geographic name as entry element Chemicals
General subdivision Purification.
9 (RLIN) 2304
700 1# - ADDED ENTRY--PERSONAL NAME
Personal name Chai, Christina Li Lin.
9 (RLIN) 10417
906 ## - LOCAL DATA ELEMENT F, LDF (RLIN)
a 7
b cbc
c origcop
d 2
e ncip
f 20
g y-gencatlg
942 ## - ADDED ENTRY ELEMENTS (KOHA)
Source of classification or shelving scheme Other/Generic Classification Scheme
Koha item type Open Shelf
Holdings
Withdrawn status Lost status Source of classification or shelving scheme Damaged status Not for loan Home library Current library Date acquired Source of acquisition Inventory number Total Checkouts Full call number Barcode Date last seen Price effective from Koha item type
    Other/Generic Classification Scheme     MUST Main Library MUST Main Library 22/07/2016   2011/33189   QY 4 454p 2009 2016-3414 22/07/2016 22/07/2016 Open Shelf